| 000 | 00795cam a2200253 a 4500 | ||
|---|---|---|---|
| 001 | 15757879 | ||
| 005 | 20180201032203.0 | ||
| 008 | 090601s2009 njua b 001 0 eng | ||
| 010 | _a 2009929767 | ||
| 020 | _a9781422472156 (hbk.) | ||
| 040 |
_aDLC _cDLC |
||
| 041 | _aeng | ||
| 043 | _an-us--- | ||
| 080 | _a343.730721 tho | ||
| 082 | 0 | 0 |
_a343.73/0721 tho _221 |
| 100 | 1 | _a15 | |
| 101 | _alaw | ||
| 245 | 1 | 0 |
_aAntitrust law, policy, and procedure : _cE. Thomas Sullivan, Herbert Hovenkamp. |
| 504 | _aIncludes bibliographical references and index. | ||
| 906 |
_a7 _bcbc _corignew _d2 _eepcn _f20 _gy-gencatlg |
||
| 942 |
_2ddc _cBK |
||
| 999 |
_c41437 _d41437 |
||